• 首页
  • 本馆介绍
  • 公告通知
  • 最新文献
  • 馆藏检索
  • 电子资源
  • 读者导购
  • 参考咨询
  • 我的图书馆
  • 登录
  • 详细信息显示
  • 放入我的书架
  • 预约/预借图书
  • 作者相关作品
  • 分类相关作品
  • 丛书相关作品
  • 出版社相关作品

书目信息

  • 表格格式
  • 工作单格式
  • 卡片格式
题名:
叶圣陶语文教育论集
    
 
作者: ;中央教科所 编
分册: 下册  
出版信息: 北京   科学教育  1980
页数: 页
开本: 19cm
丛书名:
单 册:
中图分类: G427
科图分类:
主题词: 教学理论
电子资源:
ISBN:
000 00533nam0 2200181 450
001 0753865015
005 20070818145745.01
010    @d¥1.10
100    @a20070818d km y0chiy0120 ea
101 0  @achi
200 1  @a叶圣陶语文教育论集@Aye sheng tao yu wen jiao yu lun ji@h下册@f中央教科所编@Fzhong yang jiao ke suo bian
210    @a北京@c科学教育@d1980
215    @a页@d19cm
606 0  @a教学理论
690    @aG427@v3
711 02 @a中央教科所@Azhong yang jiao ke suo@4编
801  0 @aCN@bPFT@c20070818
905    @a213230@dG427@ee223@f1
    
    叶圣陶语文教育论集.下册/中央教科所编.-北京:科学教育,1980
    页;19cm
    
    
    ISBN :¥1.10
    
●
相关链接 在E读中查询图书 在五车中查询图书 在当当中查询图书 在豆瓣中查询图书


正题名:叶圣陶语文教育论集     索取号:G427/e223         预约/预借

序号 登录号 条形码 馆藏地/架位号 状态 备注
1 6301875   263018754   教育系资料室/ [索取号:G427/e223] 在馆    
2 6301876   263018763   教育系资料室/ [索取号:G427/e223] 在馆    
唐山师范学院图书馆 欢迎您!
大连网信软件有限公司© 版权所有